Tribhuvan University Central Library
Normal view MARC view
  • Rajbhandari, Raj Kumar

Entry Personal Name

Number of records used in: 3

001 - CONTROL NUMBER

  • control field: 36981

003 - CONTROL NUMBER IDENTIFIER

  • control field: OSt

005 - DATE AND TIME OF LATEST TRANSACTION

  • control field: 20250205154917.0

008 - FIXED-LENGTH DATA ELEMENTS

  • fixed length control field: 250205|| aca||aabn | a|a d

040 ## - CATALOGING SOURCE

  • Original cataloging agency: OSt
  • Transcribing agency: OSt

100 ## - HEADING--PERSONAL NAME

  • Personal name: Rajbhandari, Raj Kumar

670 ## - SOURCE DATA FOUND

  • Source citation: Work cat.: (OSt)120019: Rajbhandari, Raj Kumar, Social casework practice /, 2022.